000 01065nam a22002537a 4500
001 21580
005 20260420153636.0
008 260318b |||||||| |||| 00| 0 spa d
041 _aESP
082 _a658.15
_bW43 2005
100 _aWelsch, Glenn A.
_eAUT
245 _aPresupuestos :
_bplanificación y control
260 _a :
_b ,
_c2005
300 _axx, 458 páginas
_b ;
_c26 cm.
440 _a ;
650 _aCIS
654 _aCAN
700 _a;
856 _uhttps://itmsp.museknowledge.com/UCSP?url=https://www.ebooks7-24.com:443/?il=4565&pg=1
_zVersión digital
856 _uhttps://0u213x8d9-y-https-ebooks7--24-com.itmsp.museknowledge.com/biblioteca.aspx
_zVéase además: Base de datos Ebook7-24
856 _uhttps://0u20fx8df-y-https-research-ebsco-com.itmsp.museknowledge.com/c/qxo6us/search
_zVéase además: Base de datos EBSCOhost
856 _uhttps://0u20vx80g-y-https-ebookcentral-proquest-com.itmsp.museknowledge.com/lib/catolicasp/home.action
_zVéase además: Base de datos ProQuest Ebook Central
942 _cLIB
_dJUS
_fJUS
_2ddc
999 _c21580
_d21580